000 00865nam a2200181 a 4500
008 120416s1990 ||||||||||||||||| || u
050 _aJC 491 Mus
100 _aMuseveni, Yoweri K
245 1 0 _aConsolidating the revolution
260 _aKampala
_bGovt. Printers
_c1990
300 _a70p. : ill.
350 _a0.00
650 _aREVOLUTION
650 _aPOLITICAL REVOLUTION--UGANDA
995 _aANNEX COLLECTION (Main Library)
_D0.00
_e712685
_FCBU-MAIN LIBRARY (Kitwe)
_H1
_I10.00
_jJC 491 Mus
_M3
_UAVAILABLE
_y009401
_ZAnnex Low-Usage Collection
995 _aANNEX COLLECTION (Main Library)
_D0.00
_e712684
_FCBU-MAIN LIBRARY (Kitwe)
_H3
_I10.00
_jJC 491 Mus
_M1
_UAVAILABLE
_y009399
_ZAnnex Low-Usage Collection
995 _aANNEX COLLECTION (Main Library)
_D0.00
_e712686
_FCBU-MAIN LIBRARY (Kitwe)
_H2
_I10.00
_jJC 491 Mus
_M2
_UAVAILABLE
_y009400
_ZAnnex Low-Usage Collection
999 _c79751
_d79751